[Event "DEM U8 2024"]
[Site "Willingen GER"]
[Date "2024.05.23"]
[Round "4"]
[White "Roscher, Simon"]
[Black "Reese, Oscar"]
[Result "0-1"]
[Termination "normal"]
[Board "15"]
[WhiteElo "1109"]
[BlackElo "1650"]
[WhiteClock "00:39:32"]
[BlackClock "00:33:12"]
[PlyCount "130"]
[WhiteFideId "34673130"]
[BlackFideId "34644474"]
[EventCountry "GER"]
[EventRounds "7"]
[EventType "swiss"]
[EventDate "2024.05.21"]

1. e4 {[%clk 01:00:27]} {[%emt 00:00:02]} c5 {[%clk 01:00:21]} {[%emt
00:00:10]} 2. Nf3 {[%clk 01:00:38]} {[%emt 00:00:05]} d6 {[%clk 01:00:29]}
{[%emt 00:00:07]} 3. d4 {[%clk 01:00:48]} {[%emt 00:00:04]} cxd4 {[%clk
01:00:38]} {[%emt 00:00:06]} 4. Nxd4 {[%clk 01:00:56]} {[%emt 00:00:07]} Nf6
{[%clk 01:00:26]} {[%emt 00:00:26]} 5. Nc3 {[%clk 01:01:05]} {[%emt 00:00:06]}
a6 {[%clk 01:00:31]} {[%emt 00:00:11]} 6. Rg1 {[%clk 01:01:16]} {[%emt
00:00:04]} e5 {[%clk 01:00:35]} {[%emt 00:00:11]} 7. Nb3 {[%clk 01:01:25]}
{[%emt 00:00:06]} h5 {[%clk 01:00:41]} {[%emt 00:00:09]} 8. h3 {[%clk
01:01:32]} {[%emt 00:00:07]} Be6 {[%clk 01:00:34]} {[%emt 00:00:22]} 9. Be3
{[%clk 01:01:22]} {[%emt 00:00:25]} Nbd7 {[%clk 01:00:17]} {[%emt 00:00:32]}
10. Qd2 {[%clk 01:01:20]} {[%emt 00:00:17]} b5 {[%clk 01:00:22]} {[%emt
00:00:10]} 11. f3 {[%clk 01:01:00]} {[%emt 00:00:35]} Nb6 {[%clk 00:59:29]}
{[%emt 00:01:08]} 12. Qf2 {[%clk 01:00:20]} {[%emt 00:00:54]} Nc4 {[%clk
00:59:16]} {[%emt 00:00:29]} 13. Bxc4 {[%clk 01:00:23]} {[%emt 00:00:11]} bxc4
{[%clk 00:58:55]} {[%emt 00:00:37]} 14. Nd2 {[%clk 00:59:30]} {[%emt 00:01:08]}
Rb8 {[%clk 00:58:21]} {[%emt 00:00:50]} 15. O-O-O {[%clk 00:59:34]} {[%emt
00:00:12]} Be7 {[%clk 00:56:32]} {[%emt 00:02:04]} 16. Rdf1 {[%clk 00:59:22]}
{[%emt 00:00:27]} Qa5 {[%clk 00:55:50]} {[%emt 00:00:57]} 17. a3 {[%clk
00:59:05]} {[%emt 00:00:32]} d5 {[%clk 00:54:03]} {[%emt 00:02:02]} 18. exd5
{[%clk 00:57:24]} {[%emt 00:01:55]} Nxd5 {[%clk 00:53:17]} {[%emt 00:01:01]}
19. Nxc4 {[%clk 00:55:05]} {[%emt 00:02:35]} Qc7 {[%clk 00:52:51]} {[%emt
00:00:41]} 20. Nxd5 {[%clk 00:54:34]} {[%emt 00:00:46]} Bxd5 {[%clk 00:52:24]}
{[%emt 00:00:41]} 21. Nd2 {[%clk 00:53:59]} {[%emt 00:00:50]} Rc8 {[%clk
00:51:11]} {[%emt 00:01:28]} 22. c3 {[%clk 00:52:21]} {[%emt 00:01:54]} Bc4
{[%clk 00:47:36]} {[%emt 00:03:50]} 23. Bb6 {[%clk 00:50:23]} {[%emt 00:02:13]}
Qc6 {[%clk 00:45:31]} {[%emt 00:02:20]} 24. Nxc4 {[%clk 00:49:48]} {[%emt
00:00:50]} Qxc4 {[%emt 00:00:31]} 25. Re1 {[%clk 00:49:46]} Qb5 {[%clk
00:43:52]} {[%emt 00:01:55]} 26. a4 {[%clk 00:46:39]} {[%emt 00:03:21]} Qd5
{[%clk 00:41:01]} {[%emt 00:03:06]} 27. Rd1 {[%clk 00:44:42]} {[%emt 00:02:12]}
Qb3 {[%clk 00:40:11]} {[%emt 00:01:06]} 28. Rge1 {[%clk 00:44:33]} {[%emt
00:00:22]} f6 {[%clk 00:38:47]} {[%emt 00:01:40]} 29. f4 {[%clk 00:42:31]}
{[%emt 00:02:18]} O-O {[%clk 00:36:18]} {[%emt 00:02:43]} 30. Rd7 {[%clk
00:41:00]} {[%emt 00:01:47]} Ba3 {[%clk 00:34:49]} {[%emt 00:01:44]} 31. Rc7
{[%clk 00:39:44]} {[%emt 00:01:30]} Rxc7 {[%clk 00:34:15]} {[%emt 00:00:49]}
32. Bxc7 {[%clk 00:39:32]} {[%emt 00:00:27]} Qxc3+ {[%clk 00:34:24]} {[%emt
00:00:06]} 33. Kb1 {[%clk 00:39:25]} {[%emt 00:00:21]} Qxc7 {[%clk 00:33:43]}
{[%emt 00:00:57]} 34. bxa3 {[%clk 00:39:33]} {[%emt 00:00:08]} Rb8+ {[%clk
00:33:47]} {[%emt 00:00:11]} 35. Ka2 {[%clk 00:37:47]} {[%emt 00:01:59]} Qc4+
{[%clk 00:33:33]} {[%emt 00:00:31]} 36. Ka1 {[%clk 00:37:41]} {[%emt 00:00:21]}
Qc3+ {[%clk 00:33:34]} {[%emt 00:00:13]} 37. Ka2 {[%clk 00:37:32]} {[%emt
00:00:25]} Qb3+ {[%clk 00:33:37]} {[%emt 00:00:12]} 38. Ka1 {[%clk 00:37:28]}
{[%emt 00:00:18]} Qxa3+ {[%clk 00:33:40]} {[%emt 00:00:12]} 39. Qa2+ {[%clk
00:37:25]} {[%emt 00:00:57]} Qxa2+ {[%clk 00:00:00]} 40. Kxa2 {[%clk 00:37:30]}
{[%emt 00:00:51]} exf4 {[%clk 00:34:07]} {[%emt 00:00:09]} 41. Re6 {[%clk
00:37:32]} {[%emt 00:00:13]} a5 {[%clk 00:33:53]} {[%emt 00:00:29]} 42. Ra6
{[%clk 00:37:36]} {[%emt 00:00:11]} Rd8 {[%clk 00:33:40]} {[%emt 00:00:23]} 43.
Rxa5 {[%clk 00:37:44]} {[%emt 00:00:12]} Rd2+ {[%clk 00:33:39]} {[%emt
00:00:16]} 44. Kb1 {[%clk 00:37:48]} {[%emt 00:00:11]} Rxg2 {[%clk 00:33:36]}
{[%emt 00:00:18]} 45. Ra8+ {[%clk 00:37:48]} {[%emt 00:00:16]} Kf7 {[%clk
00:33:38]} {[%emt 00:00:12]} 46. a5 {[%clk 00:37:51]} {[%emt 00:00:12]} f3
{[%clk 00:33:27]} {[%emt 00:00:26]} 47. Rc8 {[%clk 00:37:36]} {[%emt 00:00:30]}
f2 {[%clk 00:33:11]} {[%emt 00:00:31]} 48. Rc7+ {[%clk 00:37:31]} {[%emt
00:00:20]} Kg6 {[%clk 00:32:55]} {[%emt 00:00:31]} 49. Rc1 {[%clk 00:37:36]}
{[%emt 00:00:10]} Rg1 {[%clk 00:33:04]} {[%emt 00:00:06]} 50. Rxg1+ {[%clk
00:37:30]} {[%emt 00:00:53]} fxg1=Q+ {[%clk 00:33:16]} 51. Kb2 {[%clk
00:39:10]} {[%emt 00:01:30]} f5 {[%clk 00:33:20]} {[%emt 00:00:11]} 52. Ka3
{[%clk 00:39:16]} {[%emt 00:00:09]} f4 {[%clk 00:33:26]} {[%emt 00:00:08]} 53.
Ka4 {[%clk 00:39:27]} {[%emt 00:00:05]} Qa7 {[%clk 00:33:26]} {[%emt 00:00:15]}
54. Kb4 {[%clk 00:39:28]} {[%emt 00:00:14]} Kf5 {[%clk 00:33:22]} {[%emt
00:00:18]} 55. Ka4 {[%clk 00:39:27]} {[%emt 00:00:16]} Ke4 {[%clk 00:33:07]}
{[%emt 00:00:30]} 56. Kb4 {[%clk 00:39:34]} {[%emt 00:00:08]} Kd4 {[%clk
00:33:09]} {[%emt 00:00:13]} 57. Kb5 {[%clk 00:39:33]} {[%emt 00:00:16]} Kd5
{[%clk 00:32:49]} {[%emt 00:00:35]} 58. a6 {[%clk 00:39:27]} {[%emt 00:00:21]}
Kd6 {[%clk 00:32:49]} {[%emt 00:00:14]} 59. Ka5 {[%clk 00:39:32]} {[%emt
00:00:11]} Kc5 {[%clk 00:32:54]} {[%emt 00:00:10]} 60. Ka4 {[%clk 00:39:38]}
{[%emt 00:00:10]} Qxa6+ {[%clk 00:32:57]} {[%emt 00:00:12]} 61. Kb3 {[%clk
00:39:07]} {[%emt 00:00:15]} Qd3+ {[%clk 00:32:59]} {[%emt 00:01:37]} 62. Kb2
{[%clk 00:39:18]} {[%emt 00:00:16]} Kb4 {[%clk 00:33:03]} {[%emt 00:00:10]} 63.
h4 {[%clk 00:39:23]} {[%emt 00:00:10]} Qd2+ {[%clk 00:33:05]} {[%emt 00:00:13]}
64. Ka1 {[%clk 00:39:24]} {[%emt 00:00:14]} Kb3 {[%clk 00:33:04]} {[%emt
00:00:16]} 65. Kb1 {[%clk 00:39:32]} {[%emt 00:00:07]} Qd1# {[%clk 00:33:12]}
{[%emt 00:00:07]} 0-1

[Event "DEM U8 2024"]
[Site "Willingen GER"]
[Date "2024.05.23"]
[Round "4"]
[White "Guliyev, Kamran"]
[Black "Gerhardt, Noah"]
[Result "1/2-1/2"]
[Termination "normal"]
[Board "16"]
[WhiteElo "1106"]
[BlackElo "1244"]
[WhiteClock "00:51:40"]
[BlackClock "00:49:26"]
[PlyCount "68"]
[WhiteFideId "34698809"]
[BlackFideId "34696083"]
[EventCountry "GER"]
[EventRounds "7"]
[EventType "swiss"]
[EventDate "2024.05.21"]

1. e4 {[%clk 01:00:29]} {[%emt 00:00:30]} e5 {[%clk 01:00:24]} {[%emt
00:00:06]} 2. Nf3 {[%clk 01:00:39]} {[%emt 00:00:06]} Nc6 {[%clk 01:00:29]}
{[%emt 00:00:11]} 3. Nc3 {[%clk 01:00:43]} {[%emt 00:00:11]} Bc5 {[%clk
01:00:26]} {[%emt 00:00:17]} 4. Bc4 {[%clk 01:00:50]} {[%emt 00:00:09]} Nf6
{[%clk 01:00:30]} {[%emt 00:00:10]} 5. O-O {[%clk 01:01:04]} {[%emt 00:00:02]}
O-O {[%clk 01:00:34]} {[%emt 00:00:11]} 6. d3 {[%clk 01:01:18]} {[%emt
00:00:02]} h6 {[%clk 01:00:39]} {[%emt 00:00:09]} 7. h3 {[%clk 01:01:11]}
{[%emt 00:00:23]} d6 {[%clk 01:00:48]} {[%emt 00:00:07]} 8. Be3 {[%clk
01:01:22]} {[%emt 00:00:03]} Bxe3 {[%clk 01:00:42]} {[%emt 00:00:21]} 9. fxe3
{[%clk 01:01:30]} {[%emt 00:00:08]} Be6 {[%clk 01:00:39]} {[%emt 00:00:17]} 10.
Bb3 {[%clk 01:01:32]} {[%emt 00:00:13]} Na5 {[%clk 01:00:35]} {[%emt 00:00:19]}
11. Bxe6 {[%clk 01:01:25]} {[%emt 00:00:23]} fxe6 {[%emt 00:00:15]} 12. d4
{[%clk 01:01:35]} exd4 {[%clk 01:00:28]} {[%emt 00:00:27]} 13. exd4 {[%clk
01:01:20]} {[%emt 00:00:30]} d5 {[%clk 01:00:17]} {[%emt 00:00:26]} 14. exd5
{[%clk 01:01:08]} {[%emt 00:00:27]} exd5 {[%emt 00:00:18]} 15. Ne5 {[%clk
01:01:18]} Nc6 {[%clk 00:59:31]} {[%emt 00:01:03]} 16. Nxc6 {[%clk 01:01:04]}
{[%emt 00:00:28]} bxc6 {[%clk 00:59:40]} {[%emt 00:00:08]} 17. b3 {[%clk
01:00:56]} {[%emt 00:00:24]} Re8 {[%clk 00:59:38]} {[%emt 00:00:16]} 18. Qf3
{[%clk 01:00:34]} {[%emt 00:00:37]} Ne4 {[%clk 00:59:06]} {[%emt 00:00:47]} 19.
Rae1 {[%clk 00:59:43]} {[%emt 00:01:06]} Ng5 {[%clk 00:57:40]} {[%emt
00:01:40]} 20. Qg4 {[%clk 00:58:49]} {[%emt 00:01:11]} Rxe1 {[%clk 00:56:10]}
{[%emt 00:01:45]} 21. Rxe1 {[%clk 00:58:55]} {[%emt 00:00:09]} Qd6 {[%clk
00:55:20]} {[%emt 00:01:06]} 22. Re3 {[%clk 00:57:01]} {[%emt 00:02:09]} c5
{[%clk 00:54:51]} {[%emt 00:00:43]} 23. h4 {[%clk 00:56:30]} {[%emt 00:00:46]}
Nf7 {[%clk 00:52:55]} {[%emt 00:02:10]} 24. Kh1 {[%clk 00:54:51]} {[%emt
00:01:55]} Rf8 {[%clk 00:51:41]} {[%emt 00:01:30]} 25. dxc5 {[%clk 00:54:44]}
{[%emt 00:00:22]} Qxc5 {[%clk 00:51:24]} {[%emt 00:00:32]} 26. Rg3 {[%clk
00:54:40]} {[%emt 00:00:19]} Ng5 {[%clk 00:50:25]} {[%emt 00:01:15]} 27. Kh2
{[%clk 00:54:22]} {[%emt 00:00:32]} Rf1 {[%clk 00:49:38]} {[%emt 00:01:00]} 28.
Rd3 {[%clk 00:51:54]} {[%emt 00:03:00]} Qg1+ {[%clk 00:48:59]} {[%emt
00:00:54]} 29. Kg3 {[%clk 00:52:01]} {[%emt 00:00:08]} Qf2+ {[%clk 00:49:04]}
{[%emt 00:00:09]} 30. Kh2 {[%emt 00:00:06]} Qg1+ {[%emt 00:00:08]} 31. Kg3
{[%clk 00:51:44]} {[%emt 00:00:17]} Qf2+ {[%clk 00:49:17]} {[%emt 00:00:03]}
32. Kh2 {[%clk 00:51:40]} {[%emt 00:00:23]} Qg1+ {[%clk 00:49:26]} {[%emt
00:00:07]} 33. Kg3 {[%emt 00:00:17]} Qf2+ 34. Kh2 Qg1+ 1/2-1/2

[Event "DEM U8 2024"]
[Site "Willingen GER"]
[Date "2024.05.23"]
[Round "4"]
[White "Jiang, Luca"]
[Black "Liu, Yining"]
[Result "0-1"]
[Termination "normal"]
[Board "17"]
[WhiteElo "1098"]
[BlackElo "1210"]
[WhiteClock "00:45:24"]
[BlackClock "00:53:49"]
[PlyCount "98"]
[BlackFideId "8655049"]
[EventCountry "GER"]
[EventRounds "7"]
[EventType "swiss"]
[EventDate "2024.05.21"]

1. e4 {[%clk 01:00:30]} {[%emt 00:00:04]} e5 {[%clk 01:00:25]} {[%emt
00:00:06]} 2. Nf3 {[%clk 01:00:20]} {[%emt 00:00:23]} Nc6 {[%clk 01:00:28]}
{[%emt 00:00:13]} 3. Bc4 {[%clk 01:00:11]} {[%emt 00:00:23]} Bc5 {[%clk
01:00:38]} {[%emt 00:00:06]} 4. c3 {[%clk 01:00:15]} {[%emt 00:00:07]} Nf6
{[%clk 01:00:45]} {[%emt 00:00:09]} 5. d3 {[%clk 01:00:13]} {[%emt 00:00:18]}
h6 {[%clk 01:00:49]} {[%emt 00:00:13]} 6. Be3 {[%clk 01:00:16]} Bb6 {[%clk
01:00:43]} {[%emt 00:00:30]} 7. Nbd2 {[%clk 01:00:09]} d6 {[%clk 01:00:47]}
{[%emt 00:00:35]} 8. Bb3 {[%clk 01:00:10]} Be6 {[%clk 01:00:50]} {[%emt
00:00:26]} 9. Bc2 {[%clk 01:00:03]} Qd7 {[%clk 01:00:56]} {[%emt 00:00:32]} 10.
d4 {[%clk 00:59:46]} {[%emt 00:00:32]} exd4 {[%clk 01:01:02]} {[%emt 00:00:09]}
11. cxd4 {[%clk 00:59:43]} {[%emt 00:00:17]} O-O {[%clk 01:01:03]} {[%emt
00:00:15]} 12. Nb3 {[%clk 00:59:33]} {[%emt 00:00:26]} a5 {[%clk 01:00:42]}
{[%emt 00:00:35]} 13. Qd3 {[%clk 00:59:29]} {[%emt 00:00:15]} Nb4 {[%clk
01:00:42]} {[%emt 00:00:20]} 14. Qd2 {[%clk 00:58:57]} {[%emt 00:00:45]} Nxc2+
{[%clk 01:00:40]} {[%emt 00:00:19]} 15. Qxc2 {[%clk 00:59:04]} {[%emt
00:00:06]} a4 {[%clk 01:00:36]} {[%emt 00:00:21]} 16. Nbd2 {[%clk 00:59:02]}
{[%emt 00:00:15]} Ng4 {[%clk 01:00:10]} {[%emt 00:00:43]} 17. Bf4 {[%clk
00:58:37]} {[%emt 00:00:38]} Nf6 {[%clk 00:59:49]} {[%emt 00:00:38]} 18. O-O
{[%clk 00:58:39]} {[%emt 00:00:13]} a3 {[%clk 00:59:17]} {[%emt 00:00:47]} 19.
bxa3 {[%clk 00:58:20]} {[%emt 00:00:34]} Rxa3 {[%clk 00:59:17]} {[%emt
00:00:16]} 20. Nc4 {[%clk 00:58:15]} {[%emt 00:00:20]} Bxc4 {[%clk 00:59:08]}
{[%emt 00:00:24]} 21. Qxc4 {[%clk 00:58:20]} {[%emt 00:00:09]} Nxe4 {[%clk
00:59:00]} {[%emt 00:00:22]} 22. Qd5 {[%clk 00:57:37]} {[%emt 00:00:58]} Nf6
{[%clk 00:58:38]} {[%emt 00:00:38]} 23. Qxb7 {[%clk 00:57:31]} {[%emt
00:00:21]} Ra7 {[%clk 00:58:39]} {[%emt 00:00:15]} 24. Qxa7 {[%clk 00:56:37]}
{[%emt 00:01:09]} Bxa7 {[%clk 00:58:43]} {[%emt 00:00:11]} 25. Rfe1 {[%clk
00:56:19]} {[%emt 00:00:30]} c5 {[%clk 00:58:39]} {[%emt 00:00:21]} 26. dxc5
{[%clk 00:56:16]} {[%emt 00:00:17]} Bxc5 {[%clk 00:58:48]} {[%emt 00:00:08]}
27. h3 {[%clk 00:56:16]} {[%emt 00:00:13]} Qa7 {[%clk 00:58:38]} {[%emt
00:00:27]} 28. Re2 {[%clk 00:55:56]} {[%emt 00:00:33]} Nh5 {[%clk 00:58:26]}
{[%emt 00:00:28]} 29. Bh2 {[%clk 00:55:50]} {[%emt 00:00:16]} f5 {[%clk
00:58:20]} {[%emt 00:00:26]} 30. Rd1 {[%clk 00:54:18]} {[%emt 00:01:42]} Rb8
{[%clk 00:58:08]} {[%emt 00:00:32]} 31. Bxd6 {[%clk 00:54:09]} {[%emt
00:00:23]} Bxd6 {[%clk 00:57:39]} {[%emt 00:00:45]} 32. Rxd6 {[%clk 00:54:13]}
{[%emt 00:00:11]} Ng3 {[%clk 00:57:32]} {[%emt 00:00:22]} 33. Rc2 {[%clk
00:53:48]} {[%emt 00:00:31]} Ne4 {[%clk 00:57:32]} {[%emt 00:00:24]} 34. Rd1
{[%clk 00:53:18]} {[%emt 00:00:32]} Kh7 {[%clk 00:56:37]} {[%emt 00:01:23]} 35.
Nh4 {[%clk 00:49:56]} {[%emt 00:03:36]} f4 {[%clk 00:56:24]} {[%emt 00:00:29]}
36. Rdc1 {[%clk 00:49:25]} {[%emt 00:00:44]} Rd8 {[%clk 00:55:41]} {[%emt
00:01:00]} 37. Nf5 {[%clk 00:49:06]} {[%emt 00:00:34]} f3 {[%clk 00:55:39]}
{[%emt 00:00:17]} 38. Nxg7 {[%clk 00:48:45]} {[%emt 00:00:36]} Rc8 {[%clk
00:55:30]} {[%emt 00:00:24]} 39. Nf5 {[%clk 00:48:11]} {[%emt 00:00:48]} Rc3
{[%clk 00:54:35]} {[%emt 00:01:11]} 40. Nh4 {[%clk 00:47:42]} {[%emt 00:00:40]}
Rxc2 {[%clk 00:54:23]} {[%emt 00:00:32]} 41. Rxc2 {[%clk 00:47:46]} {[%emt
00:00:10]} Qd7 {[%clk 00:54:18]} {[%emt 00:00:19]} 42. Nxf3 {[%clk 00:47:36]}
{[%emt 00:00:26]} Qd1+ {[%clk 00:54:19]} {[%emt 00:00:14]} 43. Ne1 {[%clk
00:47:30]} {[%emt 00:00:21]} Qxe1+ {[%clk 00:54:22]} {[%emt 00:00:11]} 44. Kh2
{[%clk 00:47:37]} {[%emt 00:00:07]} Nc3 {[%clk 00:54:09]} {[%emt 00:00:30]} 45.
a4 {[%clk 00:47:06]} {[%emt 00:00:46]} Qe8 {[%clk 00:54:09]} {[%emt 00:00:13]}
46. f4 {[%clk 00:46:31]} {[%emt 00:00:50]} Nxa4 {[%clk 00:54:13]} {[%emt
00:00:13]} 47. f5 {[%clk 00:46:10]} {[%emt 00:00:36]} Qe5+ {[%clk 00:54:15]}
{[%emt 00:00:12]} 48. Kg1 {[%clk 00:45:47]} {[%emt 00:00:37]} Qxf5 {[%clk
00:53:44]} {[%emt 00:00:49]} 49. Kh2 {[%clk 00:45:24]} {[%emt 00:00:36]} Qxc2
{[%clk 00:53:49]} {[%emt 00:00:11]} 0-1

[Event "DEM U8 2024"]
[Site "Willingen GER"]
[Date "2024.05.23"]
[Round "4"]
[White "Guan, Guoyou"]
[Black "Blum-Barth, Elias"]
[Result "0-1"]
[Termination "normal"]
[Board "20"]
[WhiteElo "1136"]
[BlackElo "1093"]
[WhiteClock "00:51:43"]
[BlackClock "00:50:59"]
[PlyCount "80"]
[WhiteFideId "34649492"]
[EventCountry "GER"]
[EventRounds "7"]
[EventType "swiss"]
[EventDate "2024.05.21"]

1. e4 {[%clk 01:00:28]} {[%emt 00:00:03]} d6 {[%clk 01:00:28]} {[%emt
00:00:02]} 2. d4 {[%clk 01:00:34]} {[%emt 00:00:10]} Nf6 {[%clk 01:00:39]}
{[%emt 00:00:02]} 3. Nc3 {[%clk 01:00:32]} {[%emt 00:00:18]} g6 {[%clk
01:00:48]} {[%emt 00:00:06]} 4. Nf3 {[%clk 01:00:26]} {[%emt 00:00:21]} Bg7
{[%clk 01:00:28]} {[%emt 00:00:35]} 5. Bc4 {[%clk 01:00:21]} {[%emt 00:00:20]}
c5 {[%clk 01:00:27]} {[%emt 00:00:14]} 6. e5 {[%clk 01:00:07]} {[%emt
00:00:29]} dxe5 {[%clk 01:00:07]} {[%emt 00:00:37]} 7. dxe5 {[%clk 01:00:04]}
{[%emt 00:00:17]} Qxd1+ {[%clk 01:00:10]} {[%emt 00:00:12]} 8. Nxd1 {[%clk
01:00:07]} Ng4 {[%clk 00:59:37]} {[%emt 00:01:00]} 9. Bf4 {[%clk 01:00:11]} Nc6
{[%clk 00:59:33]} {[%emt 00:00:30]} 10. O-O {[%clk 00:59:52]} {[%emt 00:01:11]}
Ngxe5 {[%clk 00:59:22]} {[%emt 00:00:37]} 11. Nxe5 {[%clk 00:59:44]} {[%emt
00:00:23]} Nxe5 {[%clk 00:59:29]} {[%emt 00:00:09]} 12. Bb5+ {[%clk 00:59:43]}
{[%emt 00:00:17]} Nc6 {[%clk 00:58:57]} {[%emt 00:00:47]} 13. Nc3 {[%clk
00:59:39]} {[%emt 00:00:19]} Bf5 {[%clk 00:58:47]} {[%emt 00:00:26]} 14. Rfe1
{[%clk 00:58:35]} {[%emt 00:01:19]} O-O {[%clk 00:58:31]} {[%emt 00:00:30]} 15.
Nd5 {[%clk 00:58:12]} {[%emt 00:00:38]} Bxc2 {[%clk 00:57:34]} {[%emt
00:01:13]} 16. Nxe7+ {[%clk 00:57:36]} {[%emt 00:00:49]} Nxe7 {[%clk 00:57:21]}
{[%emt 00:00:29]} 17. Rxe7 {[%clk 00:57:40]} {[%emt 00:00:11]} Bxb2 {[%emt
00:00:45]} 18. Rae1 {[%clk 00:57:38]} {[%emt 00:00:14]} Bf6 {[%clk 00:56:14]}
{[%emt 00:00:54]} 19. R7e2 {[%clk 00:57:34]} {[%emt 00:00:20]} Bf5 {[%clk
00:54:59]} {[%emt 00:01:30]} 20. Bd6 {[%clk 00:56:58]} {[%emt 00:00:51]} a6
{[%clk 00:53:24]} {[%emt 00:01:51]} 21. Bxf8 {[%clk 00:56:41]} {[%emt
00:00:32]} Rxf8 {[%clk 00:53:30]} {[%emt 00:00:08]} 22. Bc4 {[%clk 00:56:39]}
{[%emt 00:00:17]} b5 {[%clk 00:53:33]} {[%emt 00:00:13]} 23. Bd5 {[%clk
00:56:24]} {[%emt 00:00:28]} Rd8 {[%clk 00:53:11]} {[%emt 00:00:38]} 24. Bb7
{[%clk 00:56:15]} {[%emt 00:00:25]} a5 {[%clk 00:52:54]} {[%emt 00:00:32]} 25.
Re8+ {[%clk 00:56:23]} {[%emt 00:00:06]} Rxe8 {[%clk 00:53:03]} {[%emt
00:00:06]} 26. Rxe8+ {[%emt 00:00:19]} Kg7 {[%emt 00:00:08]} 27. Ba6 {[%clk
00:55:10]} {[%emt 00:01:01]} c4 {[%clk 00:52:56]} {[%emt 00:00:22]} 28. Re1
{[%emt 00:00:21]} c3 {[%emt 00:00:17]} 29. f4 {[%clk 00:54:19]} {[%emt
00:00:28]} c2 {[%clk 00:53:02]} {[%emt 00:00:08]} 30. Rc1 {[%clk 00:54:32]}
{[%emt 00:00:02]} Bb2 {[%clk 00:53:04]} {[%emt 00:00:14]} 31. Rxc2 {[%clk
00:54:30]} {[%emt 00:00:15]} Bxc2 {[%clk 00:53:09]} {[%emt 00:00:12]} 32. Bxb5
{[%clk 00:54:41]} {[%emt 00:00:03]} Bc1 {[%clk 00:52:30]} {[%emt 00:00:54]} 33.
g3 {[%clk 00:54:41]} {[%emt 00:00:16]} Bb1 {[%clk 00:52:34]} {[%emt 00:00:11]}
34. a4 {[%clk 00:54:04]} {[%emt 00:00:09]} f5 {[%clk 00:52:11]} {[%emt
00:01:20]} 35. Kf2 {[%clk 00:53:32]} {[%emt 00:00:45]} Bd2 {[%clk 00:52:01]}
{[%emt 00:00:26]} 36. Kg2 {[%clk 00:53:07]} {[%emt 00:00:40]} Be4+ {[%clk
00:52:02]} {[%emt 00:00:15]} 37. Kh3 {[%emt 00:00:09]} h5 {[%emt 00:00:15]} 38.
Kh4 {[%clk 00:52:34]} {[%emt 00:00:22]} Bg2 {[%clk 00:51:59]} {[%emt 00:00:19]}
39. Be2 {[%clk 00:51:43]} {[%emt 00:01:04]} Bc3 {[%clk 00:51:52]} {[%emt
00:00:23]} 40. h3 {[%emt 00:02:40]} Bf6# {[%clk 00:50:59]} {[%emt 00:00:01]}
0-1